| 000 | 00990nam a2200229Ia 4500 | ||
|---|---|---|---|
| 001 | L248-15022 | ||
| 003 | IT-CnALBA | ||
| 008 | 170116s9999||||xx |||||||||||||| ||und|| | ||
| 040 |
_aIT-CnALBA _cIT-CnALBA |
||
| 041 | _aITALIANO | ||
| 100 | _aMAUCOURANT FRANCESCO, CANONICO. | ||
| 245 | 0 | _aPROVA RELIGIOSA SULL'UMILTÀ. | |
| 250 | _a1a ed. | ||
| 260 |
_aCINISELLO BALSAMO (MI) _bEDIZIONI PAOLINE _c1950 [1° Ed.: n.d.] |
||
| 300 | _a184 p. (prefazione: 5) | ||
| 500 | _aTRADUZIONE DAL FRANCESE DI M. DAVICO. UMILTÀ: NECESSITÀ, VANTAGGI, PRATICA. MODELLI DI UMILTÀ. OSTACOLI. PERSEVERANZA. CONFRONTA DOCUMENTO 13294. | ||
| 501 | _aSocietà San Paolo EM - Piazza San Paolo, 14 - 12051 ALBA (CN) (non commercial uses only) ® Copyright 2017 | ||
| 520 | _aTRADUZIONE DAL FRANCESE DI M. DAVICO. UMILTÀ: NECESSITÀ, VANTAGGI, PRATICA. MODELLI DI UMILTÀ. OSTACOLI. PERSEVERANZA. CONFRONTA DOCUMENTO 13294. | ||
| 650 | _aASCETICA E MISTICA | ||
| 942 | _cBK | ||
| 957 | _71 | ||
| 999 |
_a19772 _bNO _g Copie: 1 _c274191 _d274191 |
||